000 00629nam a2200229Ia 4500
003 OSt
005 20230524160647.0
008 210423s2007 xx 000 0 und d
020 _a0-521-61548-8
040 _cAL
041 _aeng
082 _a823.6 SABC
_223
100 _aSABOR (Peter).
_9112909
245 _aCambridge companion to Frances Burney.
260 _aNew York
_bCambridge University Press
_c2007
300 _axv,195
_bHB
365 _b1917.04
_cUSD
650 _aEnglish Fiction
_9112910
650 _aEnglish Literature
_9112911
906 _aBurney. ; Cambridge ; companion ; Frances
942 _2ddc
_cBK
999 _c165475
_d165475